| Tag |
First Indicator |
Second Indicator |
Subfields |
| LEADER |
00000cam a2200000Ii 4500 |
| 001 |
in00000021798 |
| 005 |
20210506133004.0 |
| 008 |
760427s1929 enkaf 000 f fre d |
| 035 |
|
|
|a (OCoLC)ocm02143303
|
| 035 |
|
|
|a (OCoLC)02143303
|
| 035 |
|
|
|9 AAD8134AM
|
| 040 |
|
|
|a VWM
|b eng
|c VWM
|d OCLCQ
|d OCLCG
|d AU@
|d CLU
|d GZM
|d OCLCQ
|d OCLCO
|d OCLCF
|d OCLCQ
|d OCLCO
|d SWW
|d CNUTO
|d UKMGB
|d TXA
|
| 016 |
7 |
|
|a 006780767
|2 Uk
|
| 016 |
7 |
|
|a 000246500
|2 Uk
|
| 019 |
|
|
|a 180193686
|a 978126712
|a 1013392279
|a 1061603927
|a 1080804039
|
| 035 |
|
|
|a (OCoLC)2143303
|z (OCoLC)180193686
|z (OCoLC)978126712
|z (OCoLC)1013392279
|z (OCoLC)1061603927
|z (OCoLC)1080804039
|
| 041 |
0 |
|
|a fre
|b eng
|
| 043 |
|
|
|a ma-----
|a aw-----
|
| 050 |
|
4 |
|a PR4091
|b .V4 1929
|
| 082 |
0 |
4 |
|a 843.5
|2 19
|
| 049 |
|
|
|a TXAM
|
| 100 |
1 |
|
|a Beckford, William,
|d 1760-1844,
|e author.
|
| 240 |
1 |
0 |
|a Vathek
|
| 245 |
1 |
0 |
|a Vathek, with the episodes of Vathek /
|c by William Beckford of Fonthill ; edited with a historical introduction and notes by Guy Chapman.
|
| 246 |
1 |
|
|i Jacket title:
|a Beckford's Vathek
|
| 264 |
|
1 |
|a Cambridge :
|b Printed at the University Press for Constable and Company & Houghton Mifflin Company,
|c 1929.
|
| 300 |
|
|
|a 2 volumes (xxiv, 175; 162 pages), plates :
|b illustrations (some color) ;
|c 23 cm
|
| 336 |
|
|
|a text
|b txt
|2 rdacontent
|
| 337 |
|
|
|a unmediated
|b n
|2 rdamedia
|
| 338 |
|
|
|a volume
|b nc
|2 rdacarrier
|
| 340 |
|
|
|m 8vo.
|2 rdabf
|
| 500 |
|
|
|a "This edition is limited to 1000 copies."
|
| 530 |
|
|
|a Also issued online.
|
| 520 |
|
|
|a The novel chronicles the fall from power of the Caliph Vathek (a fictionalized version of the historical Al-Wathiq), who renounces Islam and engages with his mother, Carathis, in a series of licentious and deplorable activities designed to gain him supernatural powers. At the end of the novel, instead of attaining these powers, Vathek descends into a hell ruled by the demon Eblis where he is doomed to wander endlessly and speechlessly. --Wikipedia.com.
|
| 546 |
|
|
|a Introduction in English.
|
| 500 |
|
|
|a The Cushing Library/Women & Gender Studies copy was acquired as part of The Don Kelly Research Collection of Gay Literature and Culture.
|5 TXA
|
| 651 |
|
0 |
|a Arab countries
|v Fiction.
|
| 651 |
|
0 |
|a Middle East
|v Fiction.
|
| 651 |
|
7 |
|a Arab countries.
|2 fast
|0 (OCoLC)fst01240128
|
| 651 |
|
7 |
|a Middle East.
|2 fast
|0 (OCoLC)fst01241586
|
| 655 |
|
7 |
|a Fiction.
|2 fast
|0 (OCoLC)fst01423787
|
| 655 |
|
7 |
|a Novels.
|2 lcgft
|
| 700 |
1 |
|
|a Chapman, Guy,
|e editor.
|
| 776 |
0 |
8 |
|i Online version:
|a Beckford, William, 1760-1844.
|s Vathek. English.
|t Vathek, with the episodes of Vathek.
|d Cambridge : Printed at the University Press for Constable and Houghton Mifflin Co., 1929
|w (OCoLC)563492197
|
| 994 |
|
|
|a C0
|b TXA
|
| 948 |
|
|
|a cataloged
|b h
|c 2021/5/6
|d c
|e nbehmer
|f 1:28:58 pm
|
| 999 |
f |
f |
|s 83516f99-d222-3523-9739-522fad9df021
|i e36c65a5-86de-32dd-ae1d-813167c755c8
|t 0
|
| 952 |
f |
f |
|p noncirc
|a Texas A&M University
|b College Station
|c Cushing Memorial Library & Archives
|d Cushing: Women & Gender Studies (Does not check out)
|t 0
|e PR4091 .V4 1929
|h Library of Congress classification
|i unmediated -- volume
|k v.1
|
| 952 |
f |
f |
|p noncirc
|a Texas A&M University
|b College Station
|c Cushing Memorial Library & Archives
|d Cushing: Women & Gender Studies (Does not check out)
|t 0
|e PR4091 .V4 1929
|h Library of Congress classification
|i unmediated -- volume
|k v.2
|
| 952 |
f |
f |
|p ric
|a Texas A&M University
|b Rellis Campus
|c Joint Library Facility
|d Remote Storage
|t 0
|e PR4091 .V4 1929
|h Library of Congress classification
|i unmediated -- volume
|k v.1
|m A14801367559
|
| 952 |
f |
f |
|p ric
|a Texas A&M University
|b Rellis Campus
|c Joint Library Facility
|d Remote Storage
|t 0
|e PR4091 .V4 1929
|h Library of Congress classification
|i unmediated -- volume
|k v.2
|m A14801367567
|
| 998 |
f |
f |
|a PR4091 .V4 1929
|s v1-v2
|t 0
|l Remote Storage
|
| 998 |
f |
f |
|a PR4091 .V4 1929
|t 0
|l Cushing: Women & Gender Studies (Does not check out)
|